00000000nam 2200000zi 4500
0019.946756
003CaOODSP
00520250121091805
006m     o  d f      
007cr bn|||||||||
008250110s1965    oncabd  obu  f001 0 fre d
040 |aCaOODSP|bfre|erda|cCaOODSP
043 |an-cn---
0861 |aNR24-28/1965-6F-PDF
24500|aNormes de bâtiments de ferme Canada 1965 : |bsupplément no 6 du Code national du bâtiment du Canada / |cpublié par le Comité associé sur le Code national du bâtiment.
24610|aSupplément no 6 du Code national du bâtiment du Canada
264 1|aOttawa, Canada : |bConseil national de recherches, |c1965.
300 |a1 ressource en ligne (xi, 178 pages) : |billustrations, cartes, graphiques
336 |atexte|btxt|2rdacontent/fre
337 |ainformatique|bc|2rdamedia/fre
338 |aressource en ligne|bcr|2rdacarrier/fre
500 |aPublié aussi en anglais sous le titre : Farm building standards Canada 1965 : supplement no. 6 to the National Building Code of Canada.
504 |aComprend des références bibliographiques et un index.
520 |a« Les normes de bâtiments de ferme, Canada 1965, ont été établies pour servir de guide à ceux qui sont intéressés à la conception, à la construction, à la réfection et à l'évaluation d'une grande variété de bâtiments de ferme à l'exclusion de la maison de ferme » -- Avant-propos, page iii.
650 6|aConstruction|xDroit|zCanada|vCodes.
650 6|aConstructions|xNormes|zCanada.
650 6|aConstructions rurales|xNormes|zCanada.
7102 |aConseil national de recherches Canada. |bComité associé sur le Code national du bâtiment, |eorganisme de publication.
77508|tFarm building standards Canada 1965 : |w(CaOODSP)9.946628
85640|qPDF|s7.91 Mo|uhttps://publications.gc.ca/collections/collection_2025/cnrc-nrc/NR24-28-1965-6-fra.pdf
986 |a7909